000 01280nam a22003618 4500
001 3427
003 MCM
005 20211208233729.0
008 131219s1988 mdua b 001 0 eng
020 _a0801835860 (alk. paper)
035 _aMITb10337363
035 _a(BD-RjUL)3461
035 _aGLIS00337363
040 _aDLC
_cDLC
_dMYG
_dBD-RjUL
_beng
041 _aeng
082 _219
_a338.18091724
_bAGR
099 _aHD9018.D44.A367 1988
245 0 0 _aAgricultural price policy for developing countries /
_cedited by John W. Mellor and Raisuddin Ahmed.
260 _aBaltimore :
_bJohns Hopkins University Press,
_cc1988.
300 _axiii, 327 p. :
_bill. ;
_c24 cm.
500 _a"Published for the International Food Policy Research Institute."
500 _aIncludes index.
504 _aBibliography: p. 293-311.
650 0 _aFood prices
_xGovernment policy
_zDeveloping countries.
_910762
650 0 _aAgricultural prices
_xGovernment policy
_zDeveloping countries.
_910763
700 1 _aMellor, John Williams,
_d1928-
_99703
700 1 _aAhmed, Raisuddin,
_d1933-
_910764
710 2 _aInternational Food Policy Research Institute.
_910765
942 _2ddc
_cBK
949 _aMYGD
_b39080004891138
999 _c3427
_d3427